000 00843nas a2200277 4500
001 BR9904209
003 BR-BrBNA
005 20231205101533.0
007 ta
008 230509b bl.|||p| |||| 00| 00por d
040 _aBR-BrBNA
_bpor
_cBiblioteca Nacional de Agricultura
041 _a(Pt)
072 _aK10; U10
100 1 _aRodrigues, F.L.
100 1 _aLeite, H.G.
100 1 _aSouza, A.L. de
100 1 _aRibeiro, C.A.A.S.
100 1 _aSilva, M.L. da
245 1 _aRegulacao de florestas equianeas utilizando programacao linear: uma aplicacao da teoria do modelo 2
650 _aFloresta
650 _aModelo Matematico
650 _aAnalise Economica
773 0 _tRevista Arvore (Brazil)
_xISSN 0100-6762
_g(1998), v. 22(2) p. 193-213
_wBR9904209
909 _a202311
_bLúcia
_c55
_dLúcia Elande
942 _2AGRIS
_n0
_cANA
999 _c162384
_d162384